00469nam a2200181 a 4500001001300000003000900013005001700022008004100039020002300080082001600103100001600119245003100135260003300166300001000199500003500209650002700244700001600271nice12345678IN_TiNIC20260116014815.0131226s2012 dela grp 000 0 eng  a8178980045 c10000a297.03bRAH aRahman, S A aDictionary of Muslim Names aDelhi bGoodwordbooks c2012 a158p  aincludes index and biblioraphy aIslam-Dictionary-names1 aRahman, S A